<?xml version="1.0" encoding="UTF-8"?>
<record
    xmlns:xsi="http://www.w3.org/2001/XMLSchema-instance"
    xsi:schemaLocation="http://www.loc.gov/MARC21/slim http://www.loc.gov/standards/marcxml/schema/MARC21slim.xsd"
    xmlns="http://www.loc.gov/MARC21/slim">

  <leader>00486nam a22001697a 4500</leader>
  <controlfield tag="005">20230605124943.0</controlfield>
  <controlfield tag="008">230605b        sa ||||| |||| 00| 0 zul d</controlfield>
  <datafield tag="020" ind1=" " ind2=" ">
    <subfield code="a">9781431428748</subfield>
  </datafield>
  <datafield tag="040" ind1=" " ind2=" ">
    <subfield code="c">[RDA]</subfield>
  </datafield>
  <datafield tag="082" ind1=" " ind2=" ">
    <subfield code="a">ZUL J F STEW</subfield>
  </datafield>
  <datafield tag="100" ind1=" " ind2=" ">
    <subfield code="a">Stewart, Dianne</subfield>
  </datafield>
  <datafield tag="245" ind1=" " ind2=" ">
    <subfield code="a">Isipho Selanga</subfield>
    <subfield code="b">Indaba yaseningizimu afrika</subfield>
    <subfield code="c">by Dianne Stewart</subfield>
  </datafield>
  <datafield tag="260" ind1=" " ind2=" ">
    <subfield code="a">Auckland Park</subfield>
    <subfield code="b">Jacana media (Pty) Ltd</subfield>
    <subfield code="c">2019</subfield>
  </datafield>
  <datafield tag="300" ind1=" " ind2=" ">
    <subfield code="a">29 pg</subfield>
    <subfield code="b">Paperback</subfield>
    <subfield code="c">21.5 x 27 cm</subfield>
  </datafield>
  <datafield tag="942" ind1=" " ind2=" ">
    <subfield code="w">174</subfield>
    <subfield code="x">Sanet Schoeman</subfield>
    <subfield code="y">174</subfield>
    <subfield code="z">Sanet Schoeman</subfield>
  </datafield>
  <datafield tag="942" ind1=" " ind2=" ">
    <subfield code="2">ddc</subfield>
    <subfield code="c">BOOK</subfield>
  </datafield>
  <datafield tag="999" ind1=" " ind2=" ">
    <subfield code="c">753200</subfield>
    <subfield code="d">753199</subfield>
  </datafield>
  <datafield tag="952" ind1=" " ind2=" ">
    <subfield code="0">0</subfield>
    <subfield code="1">0</subfield>
    <subfield code="2">ddc</subfield>
    <subfield code="4">0</subfield>
    <subfield code="7">0</subfield>
    <subfield code="8">F</subfield>
    <subfield code="a">STANRL</subfield>
    <subfield code="b">VOLKL</subfield>
    <subfield code="c">CHILD</subfield>
    <subfield code="d">2023-06-05</subfield>
    <subfield code="g">150.00</subfield>
    <subfield code="l">0</subfield>
    <subfield code="o">ZUL J F STEW</subfield>
    <subfield code="p">33228031014046</subfield>
    <subfield code="r">2023-06-05</subfield>
    <subfield code="w">2023-06-05</subfield>
    <subfield code="y">BOOK</subfield>
  </datafield>
  <datafield tag="952" ind1=" " ind2=" ">
    <subfield code="0">0</subfield>
    <subfield code="1">0</subfield>
    <subfield code="2">ddc</subfield>
    <subfield code="4">0</subfield>
    <subfield code="7">0</subfield>
    <subfield code="8">F</subfield>
    <subfield code="a">LYDEL</subfield>
    <subfield code="b">SHATL</subfield>
    <subfield code="d">2023-10-30</subfield>
    <subfield code="l">0</subfield>
    <subfield code="o">ZUL J F STEW</subfield>
    <subfield code="p">33228031030914</subfield>
    <subfield code="r">2023-10-30</subfield>
    <subfield code="w">2023-10-30</subfield>
    <subfield code="y">BOOK</subfield>
  </datafield>
</record>
